000 00188nam a2200073Ia 4500
008 170817s9999 xx 000 0 und d
100 _aNCERT
245 0 _aFORTH SURVEY OF EDUCATIONAL RESEARCH 2(1983-88)
260 _bNRERT
999 _c37312
_d37312